00292 2200121 4500245006100000250001100061100002200072650001600094005001900110260001800129041001400147336000900161 aLAPORAN KARYA SISWAb : IGUANAcBILQIS TAZQIA D.ShText aCet. 1 aBILQIS TAZQIA D.S aKarya Siswa a20240829124030 aJakartac2024 aIndonesia atext